Матричный алгоритм решения задачи разрезания двудольных графов; Известия Томского политехнического университета [Известия ТПУ]; Т. 320, № 5 : Управление, вычислительная техника и информатика
| Parent link: | Известия Томского политехнического университета [Известия ТПУ]/ Томский политехнический университет (ТПУ).— , 2000- Т. 320, № 5 : Управление, вычислительная техника и информатика.— 2012.— [С. 21-25] |
|---|---|
| Autor principal: | |
| Altres autors: | |
| Sumari: | Заглавие с титульного листа Электронная версия печатной публикации Предложен алгоритм решения задачи разрезания двудольного графа на заданную совокупность минимально связанных подграфов. Алгоритм использует матричное представление двудольного графа и учитывает его специфику. Это позволило свести задачу разрезания к задаче линейного математического программирования. Алгоритм может работать как с произвольно сформированным, так и улучшенным исходным вариантом разрезания двудольного графа. |
| Idioma: | rus |
| Publicat: |
2012
|
| Col·lecció: | Управление, вычислительная техника и информатика |
| Matèries: | |
| Accés en línia: | http://earchive.tpu.ru/bitstream/11683/4238/1/bulletin_tpu-2012-320-5-04.pdf |
| Format: | MixedMaterials Electrònic Capítol de llibre |
| KOHA link: | https://koha.lib.tpu.ru/cgi-bin/koha/opac-detail.pl?biblionumber=220537 |
MARC
| LEADER | 00000nla2a2200000 4500 | ||
|---|---|---|---|
| 001 | 220537 | ||
| 005 | 20231031195425.0 | ||
| 035 | |a (RuTPU)RU\TPU\book\240662 | ||
| 035 | |a RU\TPU\book\240659 | ||
| 090 | |a 220537 | ||
| 100 | |a 20120827d2012 k y0rusy50 ca | ||
| 101 | 0 | |a rus | |
| 102 | |a RU | ||
| 135 | |a drnn ---uucaa | ||
| 181 | 0 | |a i | |
| 182 | 0 | |a b | |
| 200 | 1 | |a Матричный алгоритм решения задачи разрезания двудольных графов |b Электронный ресурс |f Ан. В. Погребной, Д. В. Погребной | |
| 203 | |a Текст |c электронный | ||
| 215 | |a 1 файл (115 Кб) | ||
| 225 | 1 | |a Управление, вычислительная техника и информатика | |
| 230 | |a Электронные текстовые данные (1 файл : 115 Кб) | ||
| 300 | |a Заглавие с титульного листа | ||
| 300 | |a Электронная версия печатной публикации | ||
| 320 | |a [Библиогр.: с. 25 (6 назв.)] | ||
| 330 | |a Предложен алгоритм решения задачи разрезания двудольного графа на заданную совокупность минимально связанных подграфов. Алгоритм использует матричное представление двудольного графа и учитывает его специфику. Это позволило свести задачу разрезания к задаче линейного математического программирования. Алгоритм может работать как с произвольно сформированным, так и улучшенным исходным вариантом разрезания двудольного графа. | ||
| 337 | |a Adobe Reader | ||
| 461 | 1 | |0 (RuTPU)RU\TPU\book\176237 |t Известия Томского политехнического университета [Известия ТПУ] |f Томский политехнический университет (ТПУ) |d 2000- | |
| 463 | 1 | |0 (RuTPU)RU\TPU\book\239280 |x 1684-8519 |t Т. 320, № 5 : Управление, вычислительная техника и информатика |v [С. 21-25] |d 2012 |p 153 с. | |
| 610 | 1 | |a двудольные графы | |
| 610 | 1 | |a разрезание | |
| 610 | 1 | |a вершины | |
| 610 | 1 | |a матрицы связности | |
| 610 | 1 | |a линейное математическое программирование | |
| 610 | 1 | |a труды учёных ТПУ | |
| 610 | 1 | |a электронный ресурс | |
| 700 | 1 | |a Погребной |b Ан. В. | |
| 701 | 1 | |a Погребной |b Д. В. |c российский ученый, специалист в области моделирования распределённых систем |c доцент Томского политехнического университета, кандидат технических наук |f 1968- |g Дмитрий Владимирович |2 stltpush |3 (RuTPU)RU\TPU\pers\25942 | |
| 801 | 1 | |a RU |b 63413507 |c 20090623 |g PSBO | |
| 801 | 2 | |a RU |b 63413507 |c 20211230 |g PSBO | |
| 856 | 4 | |u http://earchive.tpu.ru/bitstream/11683/4238/1/bulletin_tpu-2012-320-5-04.pdf | |
| 942 | |c CF | ||